Dano moral coletivo nas relaė̳s laborais de acordo com o cd̤igo de processo civil e as recentes reformas trabalhistas /

Bibliographic Details
Main Author: Freire Sampaio Costa, Marcelo
Format: eBook
Language:Portuguese
Published: San Pablo: LTR, 2020
Subjects:
Online Access:Acceso restringido

MARC

LEADER 00000nam a22000007a 4500
005 20220307115710.0
007 cr|||| ||||
008 220307s2020 br |||||s|||| 00||0 por d
020 |a 978-85-301-0208-1 
035 |a 36100 
040 |a vLex 
090 |c 13042  |d 13042 
100 1 |a Freire Sampaio Costa, Marcelo 
245 1 0 |a Dano moral coletivo nas relaė̳s laborais  |h [Recurso electrn̤ico] :  |b de acordo com o cd̤igo de processo civil e as recentes reformas trabalhistas /  |c Marcelo Freire Sampaio Costa 
256 |a Servicio en ln̕ea 
260 |a San Pablo:  |b LTR,  |c 2020 
300 |a 1 recurso electrn̤ico 
506 1 |a Disponible solo en los productos indicados  |d vLex Global  |d vLex Global (Academic Edition, excluding Law Schools)  |d vLex Global (U.S. Academic Edition, Law Schools)  |d vLex Global (U.S. Academic Edition, excluding Law Schools)  |d vLex Global (Academic Edition, Law Schools) 
650 0 4 |a Derecho Laboral y Seguridad Social  |z Brasil 
740 0 |a vLex Libros (Servicio en ln̕ea) 
856 4 0 |u https://app.vlex.com/#/sources/36100  |z Acceso restringido 
942 |c BOOK 
999 0 |a Labor law and social security